| 000 | 00667nam a2200205 a 4500 | ||
|---|---|---|---|
| 001 | BRCA_2170 | ||
| 005 | 20190320203710.0 | ||
| 008 | 740617s1969 mx-a---##b---#000-0#spa-# | ||
| 040 |
_aDLC _cNIC _dNSyU |
||
| 050 | 4 |
_aNB259 _b.M67 1969 |
|
| 100 | 1 |
_aMoreno, Salvador _96549 |
|
| 245 | 1 | 0 |
_aEl escultor Manuel Vilar _cSalvador Moreno. |
| 260 |
_aMéxico _bUNAM, Instituto de Investigaciones Estéticas _c1969 |
||
| 300 |
_a236 p. _bil. (algunas a color) _c29 cm. |
||
| 500 | _aIncluye índice de nombres y lista de ilustraciones | ||
| 600 | 1 | 4 |
_aVilar, Manuel _d1812-1860 _96550 |
| 650 | 1 | 4 |
_aEscultura _93564 |
| 700 | 1 |
_aVilar, Manuel _d1812-1860 _96550 |
|
| 942 |
_2lcc _cB |
||
| 999 |
_c1926 _d1926 |
||